000 00519cam a2200205 4500
001 B2031
008 090401t1988 xxu||||| |||| 00| 0 eng d
035 _a(Sirsi) u47732
041 _aeng
050 _a333.33709421
110 _aWinter and Company
_92734
245 _aServiced offices in central London 1988: a market report
260 _aLondon
_bWinter and Company
_c1988
300 _a16p. ; 30cm.
350 _a45
650 _aBUSINESS CENTRES
650 _aOFFICES
942 _n0
948 _c04/03/1997
999 _c92184
_d92184